000
00279nam a2200109Ia 4500
008
230907s9999||||xx |||||||||||||| ||und||
082
_a
621.402
_b
RUD
100
_a
Rudnev, Valery,
_9
116165
245
0
_a
Handbook of induction heating /
300
_a
xxi, 749 pages :
942
_c
BK
999
_c
601409
_d
601409